Culture générale par homonymes - Statistiques

Statistiques générales
  • Ce quiz a été pris 159 fois
  • Le résultat moyen est 7 sur 12
Statistiques - réponses
Question Réponse % Correct
Quel photo en rapport avec la cuisine signifie : fruit du mûrier ?
88%
Quelle photo en rapport avec l'Eglise signifie : table destinée aux offrandes ?
82%
Quelle photo en rapport avec les animaux signifie : femelle du sanglier ?
73%
Quelle photo en rapport avec la géographie signifie : abri pour les bâtiments de navigation ?
70%
Quelle photo en rapport avec les bijoux signifie : bijou qui s'épingle sur un vêtement ?
70%
Quelle photo en rapport avec la médecine signifie : épiderme ?
63%
Quelle photo en rapport avec les outils signifie : chariot servant à transporter des marchandises ?
60%
Quelle photo en rapport avec la danse signifie : danse d'origine andalouse ?
57%
Quelle photo en rapport avec les ustensiles de cuisine signifie : marmite en fonte ?
53%
Quelle photo en rapport avec les tissus signifie : pantalon bleu en coton ?
44%
Quelle photo en rapport avec les instruments de musique signifie : instrument ressemblant à la mandoline ?
31%
Quelle photo en rapport avec un métier signifie : marin ?
23%
Aucun quiz correspondant
Distribution des résultats
% des personnes avec chaque résultat
Percentile par nombre de réponses
Votre historique - résultats
Vous n’avez pas pris ce quiz